Visualizzazione normale
Vista MARC
- Gilson, Étienne,
di Personal Name
Records bibliografici associati: 1
001 - CONTROL NUMBER
- control field: 2914
003 - CONTROL NUMBER IDENTIFIER
- control field: IT-RoINE
005 - DATE AND TIME OF LATEST TRANSACTION
- control field: 20140114153546.0
008 - FIXED-LENGTH DATA ELEMENTS
- fixed length control field: 140114|| aca||aabn | a|a d
040 ## - CATALOGING SOURCE
- Original cataloging agency: IT-RoINE
- Transcribing agency: IT-RoINE
100 ## - HEADING--PERSONAL NAME
- Personal name: Gilson, Étienne,
- Dates associated with a name: 1884-1978
- General subdivision: Crítica e interpretación
670 ## - SOURCE DATA FOUND
- Source citation: Work cat.: (IT-RoINE): Toso, Mario, S.D.B., 1950- 2913, Fede, ragione e civiltà :, 1986.